Prontuario de la teología moral

Salvato in:
Dettagli Bibliografici
Autore principale: Sánchez, Miguel (Autore)
Natura: Libro
Lingua:spagnolo
Pubblicazione: Madrid E. de la Riva 1878
Edizione:2a. ed
Soggetti:
Tags: Aggiungi Tag
Nessun Tag, puoi essere il primo ad aggiungerne!!

MARC

LEADER 00000nam a2200000 a 4500
001 UCR4166
003 CL-VaPUC
008 980307e18780000SP |||||||||||||||||spa|d
082 0 4 |a 241  |b SAN  |2 21 
100 0 |a Sánchez, Miguel  |e author  |9 403865 
245 1 0 |a Prontuario de la teología moral 
250 |a 2a. ed 
300 |a 810 p 
942 |c BK 
945 |d 19980307 00:00:00  |a cmena 
260 |a Madrid  |b E. de la Riva  |c 1878 
600 0 |a Iglesia católica  |9 255129 
650 0 |a Teología moral   |9 256617 
650 0 |a Comportamiento moral  |9 334569 
650 0 |a Sacramentos   |9 257270 
650 0 |a Catolicismo  |9 258690 
650 0 |a Obligaciones   |9 255578 
650 7 |a MATRIMONIO  |2 CL-VaPUC  |9 403866 
650 0 |a Virtud y vicio  |9 310637 
583 |a last modification  |c 19980307 00:00:00  |k Rodrigo Vera 
999 |c 267117  |d 267115 
952 |0 0  |1 0  |4 0  |6 241_000000000000000_SAN_1878  |7 0  |8 X  |9 299298  |a BIBDER  |b BIBDER  |d 2019-11-20  |i 1958216  |o 241 SAN 1878  |p 1958216  |r 2023-01-25  |w 2019-11-20  |y BK_X  |k DER